000
00281nam a22001337a 4500
008
181022b xxu||||| |||| 00| 0 eng d
020
_a
0442297548
041
_a
eng
080
_2
2nd
_a
910
100
_a
42
101
_a
GJEO
245
_a
The South
_c
Hart,J.F
942
_2
udc
_c
BK
999
_c
50358
_d
50358